[Event "24. Int. Boeblinger Open"]
[Site "Boeblingen"]
[Date "2007.12.30"]
[Round "9.4"]
[White "Wirig, Anthony"]
[Black "Graf, Felix"]
[Result "1-0"]
[WhiteElo "2467"]
[BlackElo "2241"]
[PlyCount "73"]
[EventDate "2007.??.??"]

1. d4 e6 2. Nf3 Nf6 3. c4 b6 4. g3 Ba6 5. Qc2 Bb7 6. Bg2 c5 7. d5 exd5 8. cxd5
Nxd5 9. O-O Nc6 10. Rd1 Be7 11. a3 Nf6 12. e4 O-O 13. Nc3 Qb8 14. Nd5 Nxd5 15.
exd5 Nd4 16. Nxd4 cxd4 17. Bf4 Bd6 18. Rxd4 Bxf4 19. Rxf4 Qe5 20. Rd1 Rfc8 21.
Qa4 Qd6 22. Re1 a6 23. Qe4 g6 24. Qd4 Re8 25. Re3 Rxe3 26. Qxe3 b5 27. h4 h5
28. Qd4 Re8 29. Rf6 Qe7 30. Qf4 Rd8 31. g4 hxg4 32. h5 Kg7 33. Qd4 Kh7 34. d6
Qe1+ 35. Kh2 Bxg2 36. Rxf7+ Kh6 37. Qf4+ 1-0

[Event "24. Int. Boeblinger Open"]
[Site "Boeblingen"]
[Date "2007.12.30"]
[Round "9.6"]
[White "Cieza Vega, Arcadio"]
[Black "Rojas, Luis"]
[Result "0-1"]
[WhiteElo "2294"]
[BlackElo "2414"]
[PlyCount "58"]
[EventDate "2007.??.??"]

1. g3 d5 2. Nh3 Nf6 3. f4 g6 4. d4 Bg7 5. Nf2 O-O 6. e3 c5 7. c3 b6 8. g4 cxd4
9. cxd4 Ba6 10. Nc3 Bxf1 11. Kxf1 Nc6 12. Bd2 Rc8 13. Ne2 Ne8 14. h4 Nd6 15. b3
f6 16. g5 e5 17. dxe5 fxe5 18. Bc3 Nf5 19. Rh3 d4 20. exd4 exd4 21. Bd2 Nce7
22. Rc1 Nd5 23. Rxc8 Qxc8 24. Kg1 Re8 25. Nc1 Nde3 26. Bxe3 dxe3 27. Ng4 Nd4
28. Rxe3 Rxe3 29. Nxe3 Qxc1 0-1

[Event "24. Int. Boeblinger Open"]
[Site "Boeblingen"]
[Date "2007.12.30"]
[Round "9.8"]
[White "Hirneise, Tobias"]
[Black "Gheng, Josef"]
[Result "1/2-1/2"]
[WhiteElo "2287"]
[BlackElo "2310"]
[PlyCount "99"]
[EventDate "2007.??.??"]

1. e4 c5 2. Nf3 a6 3. Nc3 e6 4. d4 cxd4 5. Nxd4 Qc7 6. Bd3 Ne7 7. f4 Nbc6 8.
Nb3 Ng6 9. O-O Be7 10. a4 b6 11. Be3 O-O 12. Qf3 d6 13. Qf2 Rb8 14. Kh1 Re8 15.
Nd4 Bf6 16. e5 Bh4 17. exd6 Qxd6 18. Ne4 Qxd4 19. Bxd4 Bxf2 20. Bxf2 Rd8 21.
Rad1 Nb4 22. Be2 Bb7 23. Rxd8+ Rxd8 24. Bxb6 Rb8 25. Ba7 Ra8 26. Bc5 Bxe4 27.
Bxb4 Nh4 28. Rf2 Bxc2 29. a5 Be4 30. Bc5 f6 31. Kg1 Kf7 32. g3 Nf5 33. Rf1 Ne7
34. Rd1 Bd5 35. Kf2 Nc6 36. Bb6 Ke7 37. f5 Ne5 38. fxe6 Kxe6 39. Rc1 g6 40. Rc7
h5 41. b4 Kd6 42. Ra7 Rxa7 43. Bxa7 Bc4 44. Bf3 Nd3+ 45. Ke3 Bb5 46. Be4 Nxb4
47. Bxg6 h4 48. gxh4 Ke6 49. Be4 f5 50. Bc5 1/2-1/2

[Event "24. Int. Boeblinger Open"]
[Site "Boeblingen"]
[Date "2007.12.30"]
[Round "9.10"]
[White "Dausch, Rene"]
[Black "Rombaldoni, Andrea"]
[Result "1-0"]
[WhiteElo "2351"]
[BlackElo "2229"]
[PlyCount "63"]
[EventDate "2007.??.??"]

1. d4 d5 2. Nf3 e6 3. g3 c6 4. Bg2 Bd6 5. O-O f5 6. Ne1 e5 7. dxe5 Bxe5 8. Nd3
Bd6 9. Bf4 Nf6 10. Nd2 Be6 11. Nb3 O-O 12. Ndc5 Bc8 13. Bxd6 Qxd6 14. Qd4 b6
15. Nd3 Ba6 16. Qe5 Qd7 17. Nd4 Bc8 18. Qf4 Ne4 19. f3 Nd6 20. Ne5 Qc7 21. Qd2
Kh8 22. Qc3 Bd7 23. e4 Qb7 24. exd5 cxd5 25. Qa3 Rf6 26. f4 Be8 27. c4 Ne4 28.
cxd5 g6 29. Rad1 Na6 30. Bxe4 fxe4 31. Ng4 Rf7 32. Ne6 1-0

[Event "24. Int. Boeblinger Open"]
[Site "Boeblingen"]
[Date "2007.12.30"]
[Round "9.12"]
[White "Hitzler, Philipp"]
[Black "Nabavi, Parwis"]
[Result "1/2-1/2"]
[WhiteElo "2278"]
[BlackElo "2166"]
[PlyCount "82"]
[EventDate "2007.??.??"]

1. Nf3 Nf6 2. c4 g6 3. Nc3 Bg7 4. e4 d6 5. d4 O-O 6. g3 c5 7. Bg2 cxd4 8. Nxd4
Nc6 9. Nc2 Be6 10. b3 Qc8 11. O-O Bh3 12. Be3 Bxg2 13. Kxg2 Ng4 14. Bd2 Qe6 15.
f3 Nge5 16. Nd5 Rac8 17. Bc3 Qd7 18. Qd2 Rfd8 19. f4 Ng4 20. Bxg7 Kxg7 21. h3
Nh6 22. g4 Ng8 23. Qc3+ f6 24. g5 h6 25. gxf6+ exf6 26. Rae1 Rf8 27. Rf3 Kh7
28. h4 Rce8 29. Rg3 Qf7 30. Nd4 Nxd4 31. Qxd4 a6 32. Ree3 Ne7 33. Nxe7 Qxe7 34.
Qd5 Rc8 35. h5 gxh5 36. Qf5+ Kh8 37. Qxh5 Qh7 38. Rg6 Rg8 39. f5 Rxg6+ 40. fxg6
Qg7 41. Rh3 b5 1/2-1/2

[Event "24. Int. Boeblinger Open"]
[Site "Boeblingen"]
[Date "2007.12.30"]
[Round "9.13"]
[White "Remmler, Hans-Peter"]
[Black "Muth, Roland"]
[Result "1-0"]
[WhiteElo "2256"]
[BlackElo "2121"]
[PlyCount "53"]
[EventDate "2007.??.??"]

1. e4 c5 2. Nf3 g6 3. c3 Bg7 4. d4 cxd4 5. cxd4 d5 6. e5 Bg4 7. Be2 e6 8. Nc3
Ne7 9. Bg5 O-O 10. Qd2 Nbc6 11. O-O f6 12. exf6 Bxf6 13. Bxf6 Rxf6 14. Qg5 Rxf3
15. gxf3 Bh5 16. Rad1 Qd7 17. f4 Bxe2 18. Nxe2 Nf5 19. Rd3 Qg7 20. Rfd1 Nb4 21.
R3d2 Nxa2 22. Ng3 Nd6 23. Re2 Kf7 24. f5 gxf5 25. Qxg7+ Kxg7 26. Rxe6 Nc4 27.
Re7+ 1-0

[Event "24. Int. Boeblinger Open"]
[Site "Boeblingen"]
[Date "2007.12.30"]
[Round "9.18"]
[White "Strunski, Andreas"]
[Black "Reljic, Radomir"]
[Result "1-0"]
[WhiteElo "2238"]
[BlackElo "2167"]
[PlyCount "57"]
[EventDate "2007.??.??"]

1. d4 Nf6 2. c4 c6 3. Nc3 d5 4. Nf3 Bg4 5. Ne5 Bf5 6. cxd5 cxd5 7. Bf4 Nc6 8.
e3 e6 9. Qb3 Qb6 10. Qxb6 axb6 11. Bb5 Rc8 12. Na4 Bb4+ 13. Ke2 O-O 14. Nxb6
Nxd4+ 15. exd4 Rc2+ 16. Kf1 Ne4 17. Be3 Bd2 18. Bd3 Rxb2 19. Na4 Rb4 20. Bxe4
dxe4 21. Bxd2 Rxd4 22. Be3 Rxa4 23. g4 Bg6 24. Ke2 Rfa8 25. Rhd1 f6 26. Nxg6
hxg6 27. Kf1 Rxa2 28. Rab1 R8a7 29. Bxa7 1-0

[Event "24. Int. Boeblinger Open"]
[Site "Boeblingen"]
[Date "2007.12.30"]
[Round "9.19"]
[White "Stuermer, Robin Gabriel"]
[Black "Klein, Joachim"]
[Result "0-1"]
[WhiteElo "2171"]
[BlackElo "2233"]
[PlyCount "64"]
[EventDate "2007.??.??"]

1. d4 Nf6 2. Bg5 c5 3. Bxf6 gxf6 4. d5 d6 5. g3 Bg7 6. Bg2 f5 7. c3 Nd7 8. Nd2
Nf6 9. e4 fxe4 10. Nxe4 Bf5 11. Ne2 Nxe4 12. Bxe4 Qd7 13. Qd3 Bg6 14. Qe3 O-O-O
15. Bg2 Qb5 16. O-O Qxb2 17. Bh3+ Kb8 18. f4 e6 19. dxe6 fxe6 20. Bxe6 Rhe8 21.
f5 Bxf5 22. Rxf5 Qxa1+ 23. Kf2 Be5 24. Qg5 Qb2 25. Rf7 Bxc3 26. Bg4 Bd4+ 27.
Kf1 Qb1+ 28. Kg2 Qxa2 29. Re7 Rf8 30. Rxh7 Rde8 31. Kh3 Qb1 32. Rh4 Qf1# 0-1

[Event "24. Int. Boeblinger Open"]
[Site "Boeblingen"]
[Date "2007.12.30"]
[Round "9.20"]
[White "Rezasade, Amir"]
[Black "Haist, Winfried"]
[Result "1-0"]
[WhiteElo "2231"]
[BlackElo "2139"]
[PlyCount "61"]
[EventDate "2007.??.??"]

1. Nf3 Nf6 2. g3 g6 3. b3 Bg7 4. Bb2 O-O 5. Bg2 d6 6. d4 Nc6 7. O-O e5 8. dxe5
Ng4 9. Qd2 Ncxe5 10. c4 a5 11. Nc3 a4 12. Nb5 c6 13. Nbd4 Qb6 14. h3 Nf6 15.
Qc2 Nxf3+ 16. exf3 Qc5 17. Qd2 d5 18. Rac1 dxc4 19. Rxc4 Qb6 20. Rxa4 Rxa4 21.
bxa4 Nd5 22. Rd1 Qb4 23. a5 Qxd2 24. Rxd2 Nc7 25. Nb3 Bxb2 26. Rxb2 Ne6 27. f4
c5 28. Rc2 Rd8 29. Nxc5 Rd1+ 30. Kh2 Nd4 31. Rb2 1-0

[Event "24. Int. Boeblinger Open"]
[Site "Boeblingen"]
[Date "2007.12.30"]
[Round "8.1"]
[White "Luther, Thomas"]
[Black "Fercec, Nenad"]
[Result "1/2-1/2"]
[WhiteElo "2534"]
[BlackElo "2487"]
[PlyCount "41"]
[EventDate "2007.??.??"]

1. e4 c5 2. c3 d5 3. exd5 Qxd5 4. d4 g6 5. Nf3 Bg7 6. Na3 cxd4 7. Bc4 Qe4+ 8.
Be3 Nh6 9. cxd4 O-O 10. O-O Bg4 11. Ng5 Bxd1 12. Nxe4 Bg4 13. f3 Bf5 14. Nc5
Nc6 15. g4 b6 16. gxf5 bxc5 17. fxg6 hxg6 18. Bxh6 Bxh6 19. dxc5 Bg7 20. Rab1
Rab8 21. Nb5 1/2-1/2

[Event "24. Int. Boeblinger Open"]
[Site "Boeblingen"]
[Date "2007.12.30"]
[Round "8.2"]
[White "Naumann, Alexander"]
[Black "Drabke, Lorenz Maximilian"]
[Result "1/2-1/2"]
[WhiteElo "2548"]
[BlackElo "2411"]
[PlyCount "73"]
[EventDate "2007.??.??"]

1. d4 d5 2. c4 c6 3. Nf3 Nf6 4. e3 Bg4 5. h3 Bh5 6. Nc3 e6 7. g4 Bg6 8. Ne5
Nbd7 9. h4 dxc4 10. Nxg6 hxg6 11. g5 Nd5 12. Bxc4 N5b6 13. Bf1 e5 14. dxe5 Nxe5
15. f4 Ned7 16. Qc2 Qc7 17. Bd2 O-O-O 18. O-O-O Kb8 19. Kb1 Be7 20. Bc1 Rhe8
21. h5 Rh8 22. Be2 gxh5 23. Rxh5 g6 24. Rhh1 Nc5 25. Ne4 Ne6 26. Bg4 Nd5 27.
Nc3 Nb4 28. Qe4 Rxh1 29. Qxh1 Nc5 30. Rxd8+ Qxd8 31. Qd1 Nbd3 32. Be2 Nxc1 33.
Qxd8+ Bxd8 34. Kxc1 b5 35. Bf3 Kc7 36. Kc2 Kd6 37. Ne4+ 1/2-1/2

[Event "24. Int. Boeblinger Open"]
[Site "Boeblingen"]
[Date "2007.12.30"]
[Round "8.3"]
[White "Gharamian, Tigran"]
[Black "Dausch, Rene"]
[Result "1-0"]
[WhiteElo "2557"]
[BlackElo "2351"]
[PlyCount "39"]
[EventDate "2007.??.??"]

1. e4 c5 2. Nf3 Nc6 3. d4 cxd4 4. Nxd4 g6 5. Nc3 Bg7 6. Be3 Nf6 7. Bc4 O-O 8.
Bb3 e6 9. O-O d5 10. exd5 exd5 11. h3 Re8 12. Re1 Be6 13. Nce2 Ne4 14. c3 Qd7
15. Nf4 Rad8 16. f3 Nd6 17. Ndxe6 fxe6 18. Nxe6 Nf5 19. Nxd8 Nxe3 20. Bxd5+ 1-0

[Event "24. Int. Boeblinger Open"]
[Site "Boeblingen"]
[Date "2007.12.30"]
[Round "8.4"]
[White "Wirig, Anthony"]
[Black "Hitzler, Philipp"]
[Result "1-0"]
[WhiteElo "2467"]
[BlackElo "2278"]
[PlyCount "81"]
[EventDate "2007.??.??"]

1. d4 d5 2. Nf3 Nf6 3. c4 c6 4. Nc3 a6 5. g3 Bf5 6. Bg2 e6 7. Nh4 Bg6 8. Nxg6
hxg6 9. Qb3 Ra7 10. e4 Nxe4 11. Nxe4 dxe4 12. O-O Bd6 13. Be3 b6 14. c5 bxc5
15. dxc5 Be5 16. Rad1 Qc7 17. Qc4 Bxb2 18. Qxe4 O-O 19. Rd3 Rb7 20. Rfd1 Qa5
21. Rb3 Rb5 22. Qc2 Bf6 23. Bf1 Rxb3 24. axb3 Rd8 25. Rxd8+ Qxd8 26. b4 Bd4 27.
Qd3 e5 28. Bxd4 exd4 29. Qe4 Kf8 30. Bc4 Qc7 31. Qxd4 g5 32. Kg2 Nd7 33. Bxa6
Nf6 34. Be2 Nd5 35. Bf3 Ne7 36. h3 f6 37. Be4 Kf7 38. Bd3 Kf8 39. Bc4 Qc8 40.
Qd3 Qf5 41. Qd8# 1-0

[Event "24. Int. Boeblinger Open"]
[Site "Boeblingen"]
[Date "2007.12.30"]
[Round "8.5"]
[White "Frick, Christoph"]
[Black "Schmittdiel, Eckhard"]
[Result "0-1"]
[WhiteElo "2265"]
[BlackElo "2423"]
[PlyCount "56"]
[EventDate "2007.??.??"]

1. g3 c5 2. Bg2 Nc6 3. e4 g6 4. Nc3 Bg7 5. d3 Rb8 6. a4 e6 7. Nh3 Nge7 8. O-O
O-O 9. Be3 d6 10. Qd2 Nd4 11. Bh6 Bxh6 12. Qxh6 f6 13. Qd2 Qb6 14. Nd1 Qb4 15.
c3 Nb3 16. Qh6 Qb6 17. Ra3 e5 18. f4 c4+ 19. Kh1 Bg4 20. fxe5 dxe5 21. Ne3 Bxh3
22. Bxh3 cxd3 23. a5 Nxa5 24. b4 Nac6 25. Be6+ Kh8 26. Ra2 Nxb4 27. cxb4 Qxe6
28. Rxa7 Ng8 0-1

[Event "24. Int. Boeblinger Open"]
[Site "Boeblingen"]
[Date "2007.12.30"]
[Round "8.6"]
[White "Rojas, Luis"]
[Black "Bastian, Martin"]
[Result "1/2-1/2"]
[WhiteElo "2414"]
[BlackElo "2205"]
[PlyCount "50"]
[EventDate "2007.??.??"]

1. e4 c6 2. d4 d5 3. Nd2 dxe4 4. Nxe4 Bf5 5. Ng3 Bg6 6. h4 h6 7. Nf3 Nd7 8. h5
Bh7 9. Bd3 Bxd3 10. Qxd3 e6 11. Bd2 Ngf6 12. O-O-O Qc7 13. Ne4 O-O-O 14. g3
Nxe4 15. Qxe4 Nf6 16. Qe2 Bd6 17. c4 c5 18. Bc3 Rhe8 19. Ne5 cxd4 20. Bxd4 Bxe5
21. Bxe5 Qc5 22. Kb1 Rxd1+ 23. Rxd1 Rd8 24. Re1 Qa5 25. Bxf6 Qf5+ 1/2-1/2

[Event "24. Int. Boeblinger Open"]
[Site "Boeblingen"]
[Date "2007.12.30"]
[Round "8.8"]
[White "Schaefer, Markus"]
[Black "Mueller, Christian"]
[Result "1-0"]
[WhiteElo "2395"]
[BlackElo "2086"]
[PlyCount "107"]
[EventDate "2007.??.??"]

1. e4 c6 2. d4 d5 3. Nc3 dxe4 4. Nxe4 Bf5 5. Nc5 b6 6. Nb3 e6 7. Nf3 a5 8. a4
Nf6 9. g3 Nd5 10. c3 Bd6 11. Bg2 Qc7 12. O-O O-O 13. Nh4 Bg6 14. Nxg6 hxg6 15.
Qe2 Nd7 16. Nd2 Rac8 17. Ne4 Be7 18. Ng5 Bxg5 19. Bxg5 N7f6 20. Rad1 c5 21. c4
Ne7 22. Bf4 Qa7 23. d5 exd5 24. cxd5 Nf5 25. Qc4 Rcd8 26. Be5 Nd7 27. Bc3 Qc7
28. Rfe1 Nd6 29. Qf4 Rfe8 30. h4 Nf6 31. Bxf6 gxf6 32. Qxf6 Rxe1+ 33. Rxe1 Re8
34. Re5 Rxe5 35. Qxe5 Qd7 36. h5 Nc4 37. Qg5 Qd6 38. b3 Ne5 39. hxg6 fxg6 40.
f4 Nf7 41. Qg4 Kg7 42. Qc8 Qd8 43. Qxd8 Nxd8 44. d6 Kf7 45. Bd5+ Ke8 46. Be4
Kf7 47. Kf2 Kf6 48. g4 g5 49. fxg5+ Kxg5 50. Bf5 Kf6 51. Ke3 Ke5 52. d7 Nf7 53.
Kd3 Kd5 54. g5 1-0

[Event "24. Int. Boeblinger Open"]
[Site "Boeblingen"]
[Date "2007.12.30"]
[Round "8.9"]
[White "Klein, Joachim"]
[Black "Rombaldoni, Axel"]
[Result "0-1"]
[WhiteElo "2233"]
[BlackElo "2399"]
[PlyCount "50"]
[EventDate "2007.??.??"]

1. e4 c5 2. Nf3 Nc6 3. Bb5 Qb6 4. Nc3 e6 5. Bxc6 Qxc6 6. d4 cxd4 7. Nxd4 Qc7 8.
O-O a6 9. Re1 d6 10. Bg5 Be7 11. Bxe7 Nxe7 12. Qf3 O-O 13. Rad1 Rb8 14. Qg3 b5
15. a3 Rd8 16. h4 Bd7 17. h5 h6 18. Rd3 e5 19. Nf3 Be6 20. Red1 a5 21. Qh4 b4
22. axb4 axb4 23. Nd5 Nxd5 24. exd5 Bf5 25. Rb3 Qxc2 0-1

[Event "24. Int. Boeblinger Open"]
[Site "Boeblingen"]
[Date "2007.12.30"]
[Round "8.10"]
[White "Gheng, Josef"]
[Black "Hankel, Dennis"]
[Result "1-0"]
[WhiteElo "2310"]
[BlackElo "2193"]
[PlyCount "81"]
[EventDate "2007.??.??"]

1. e4 e5 2. Nf3 Nc6 3. Bb5 a6 4. Ba4 Nf6 5. O-O Be7 6. Re1 b5 7. Bb3 d6 8. c3
O-O 9. h3 Bb7 10. d4 Re8 11. Ng5 Rf8 12. f4 h6 13. Nf3 exf4 14. Bxf4 d5 15. e5
Ne4 16. Nbd2 Na5 17. Bc2 Nc4 18. Nxc4 bxc4 19. Nd2 f5 20. exf6 Nxf6 21. Qe2 Ne4
22. Nxe4 Rxf4 23. Nc5 Bxc5 24. Qe6+ Kh8 25. Qg6 Qg8 26. dxc5 Rf6 27. Qg3 Qf7
28. Re2 Rf8 29. Kh2 Bc8 30. Rae1 Re6 31. Re3 Qf2 32. Rxe6 Bxe6 33. Rxe6 Qxc2
34. Re7 Rg8 35. Rxc7 Qxb2 36. Rd7 Qxa2 37. c6 Qa4 38. Qe5 Kh7 39. Qf5+ Kh8 40.
c7 Qc6 41. Qxd5 1-0

[Event "24. Int. Boeblinger Open"]
[Site "Boeblingen"]
[Date "2007.12.30"]
[Round "8.11"]
[White "Haist, Winfried"]
[Black "Beck, Frederik"]
[Result "0-1"]
[WhiteElo "2139"]
[BlackElo "2309"]
[PlyCount "70"]
[EventDate "2007.??.??"]

1. e4 c5 2. b3 d6 3. Bb2 e6 4. f4 Nf6 5. Nc3 Nc6 6. Nf3 a6 7. Be2 Qc7 8. O-O
Be7 9. e5 dxe5 10. fxe5 Nxe5 11. Nxe5 Qxe5 12. Qe1 Bd7 13. Bf3 Qxe1 14. Raxe1
O-O-O 15. Nd5 Nxd5 16. Bxd5 Bh4 17. Re4 Bf6 18. Bxf6 gxf6 19. Bc4 Bc6 20. Re2
f5 21. Rff2 Be4 22. d3 Bc6 23. a4 Kc7 24. a5 Rhg8 25. Kf1 Rg4 26. Bxe6 fxe6 27.
Rxe6 f4 28. Rh6 Rd7 29. h3 Rg3 30. Rxf4 Bxg2+ 31. Kf2 Rxh3 32. Rxh3 Bxh3 33.
Rh4 Bf5 34. Rh5 Rf7 35. Kg3 Kc6 0-1

[Event "24. Int. Boeblinger Open"]
[Site "Boeblingen"]
[Date "2007.12.30"]
[Round "8.13"]
[White "Kienitz, Andre"]
[Black "Hirneise, Tobias"]
[Result "0-1"]
[WhiteElo "2193"]
[BlackElo "2287"]
[PlyCount "78"]
[EventDate "2007.??.??"]

1. e4 c5 2. Nf3 Nc6 3. d4 cxd4 4. Nxd4 Nf6 5. Nc3 d6 6. Bg5 e6 7. Qd2 a6 8.
O-O-O Bd7 9. f3 h6 10. Be3 Rc8 11. Nxc6 Bxc6 12. Kb1 b5 13. Ne2 Bb7 14. Nd4 e5
15. Nb3 d5 16. exd5 Nxd5 17. Bd3 Qc7 18. Rhe1 Be7 19. Bf2 O-O 20. Bg3 f6 21.
Nd4 Bb4 22. Qe2 Nc3+ 23. bxc3 Qxc3 24. Bxe5 Rfe8 25. Nxb5 Qxe5 26. c3 Bf8 27.
Qd2 Qb8 28. Rxe8 Rxe8 29. Bc2 axb5 30. Qd3 Re5 31. Bb3+ Kh8 32. Bc2 f5 33. Qd7
b4 34. cxb4 Bxb4 35. Bb3 Bf8 36. Qf7 Ba3 37. f4 Re8 38. Qxf5 Be4+ 39. Qxe4 Rxe4
0-1

[Event "24. Int. Boeblinger Open"]
[Site "Boeblingen"]
[Date "2007.12.30"]
[Round "8.15"]
[White "Wigger, Jochen"]
[Black "Hirneise, Jens"]
[Result "1/2-1/2"]
[WhiteElo "2297"]
[BlackElo "2119"]
[PlyCount "82"]
[EventDate "2007.??.??"]

1. d4 Nf6 2. Bg5 Ne4 3. Bf4 c5 4. f3 Nf6 5. dxc5 e5 6. Bxe5 Bxc5 7. Bd4 Qb6 8.
Bxc5 Qxc5 9. e4 d5 10. Nc3 dxe4 11. Bb5+ Nc6 12. Qe2 O-O 13. Bxc6 exf3 14. Nxf3
bxc6 15. O-O-O Rb8 16. Qd2 Qb4 17. b3 Qa3+ 18. Kb1 c5 19. Rhe1 Be6 20. Re3 Rb4
21. Qc1 Qa6 22. Qb2 h6 23. Ne5 Rd4 24. Red3 Rfd8 25. Qc1 Bf5 26. Rxd4 Rxd4 27.
Nf3 Rxd1 28. Qxd1 Ne4 29. Nxe4 Bxe4 30. g3 Qf6 31. Nd2 Bg6 32. Qe2 Qc3 33. Nc4
Kh7 34. g4 f5 35. Ne5 fxg4 36. Nxg6 Kxg6 37. Qxg4+ Kf6 38. Qf4+ Ke6 39. Qg4+
Kf6 40. Qf4+ Ke6 41. Qg4+ Kf6 1/2-1/2

[Event "24. Int. Boeblinger Open"]
[Site "Boeblingen"]
[Date "2007.12.30"]
[Round "8.16"]
[White "Tuncer, Ufuk"]
[Black "Haubold, Martin"]
[Result "1-0"]
[WhiteElo "2293"]
[BlackElo "2165"]
[PlyCount "47"]
[EventDate "2007.??.??"]

1. Nf3 c5 2. g3 b6 3. Bg2 Bb7 4. O-O Nf6 5. c4 Nc6 6. Nc3 d5 7. cxd5 Nxd5 8.
Qa4 e6 9. d4 cxd4 10. Nxd5 exd5 11. Nxd4 Qd7 12. Rd1 Rd8 13. Bf4 Nxd4 14. Qxd4
f6 15. b4 g5 16. Bxg5 Bg7 17. Bxf6 Bxf6 18. Qxf6 Rf8 19. Qd4 Ke7 20. Rac1 Qd6
21. Qh4+ Qf6 22. Rc7+ Rd7 23. Rxd7+ Kxd7 24. Qxf6 1-0

[Event "24. Int. Boeblinger Open"]
[Site "Boeblingen"]
[Date "2007.12.30"]
[Round "8.18"]
[White "Probst, Alexander"]
[Black "Remmler, Hans-Peter"]
[Result "0-1"]
[WhiteElo "2145"]
[BlackElo "2256"]
[PlyCount "98"]
[EventDate "2007.??.??"]

1. e4 c5 2. Nf3 d6 3. Bb5+ Nd7 4. O-O a6 5. Bxd7+ Bxd7 6. d4 cxd4 7. Qxd4 Bc6
8. Nc3 Nf6 9. Bg5 e6 10. e5 dxe5 11. Qxd8+ Rxd8 12. Nxe5 Rc8 13. a3 Be7 14.
Rfe1 h6 15. Be3 Bd6 16. Nc4 Bc7 17. Rad1 O-O 18. Nb6 Rcd8 19. Bc5 Rfe8 20. f3
g5 21. h3 Kg7 22. Nc4 Bg3 23. Bf2 Bc7 24. Bc5 Nd5 25. Nxd5 Rxd5 26. Rxd5 Bxd5
27. Nb6 Bc6 28. Rd1 Rd8 29. Rxd8 Bxd8 30. Kf2 f5 31. Nc4 Bf6 32. b4 b5 33. Na5
Bd5 34. Nb3 Bxb3 35. cxb3 Bb2 36. a4 h5 37. Ke3 Kf6 38. g4 hxg4 39. hxg4 Ke5
40. gxf5 exf5 41. Bb6 Bc1+ 42. Ke2 Kd5 43. Kd3 Bf4 44. Bd4 g4 45. fxg4 fxg4 46.
axb5 axb5 47. Bg1 Bd6 48. Ke3 Bxb4 49. Kf4 Bc5 0-1

[Event "24. Int. Boeblinger Open"]
[Site "Boeblingen"]
[Date "2007.12.30"]
[Round "8.25"]
[White "Petkidis, Anthony"]
[Black "Jussupow, Nadia"]
[Result "1/2-1/2"]
[WhiteElo "2060"]
[BlackElo "2178"]
[PlyCount "44"]
[EventDate "2007.??.??"]

1. e4 e5 2. Nf3 Nf6 3. Nc3 Bb4 4. Nxe5 O-O 5. Nd3 Bxc3 6. dxc3 Nxe4 7. Be2 d5
8. O-O Nd7 9. Bf3 Nb6 10. Nf4 c6 11. Bxe4 dxe4 12. Qxd8 Rxd8 13. b3 Bf5 14. Be3
h6 15. c4 Nd7 16. h3 b6 17. Rfd1 Nf8 18. Kf1 Ne6 19. Nxe6 Bxe6 20. Ke2 c5 21.
Rxd8+ Rxd8 22. Rd1 Rxd1 1/2-1/2

[Event "24. Int. Boeblinger Open"]
[Site "Boeblingen"]
[Date "2007.12.29"]
[Round "7.1"]
[White "Schmittdiel, Eckhard"]
[Black "Fercec, Nenad"]
[Result "1/2-1/2"]
[WhiteElo "2423"]
[BlackElo "2487"]
[PlyCount "51"]
[EventDate "2007.??.??"]

1. e4 c5 2. c3 d5 3. exd5 Qxd5 4. d4 g6 5. Nf3 Nf6 6. Na3 cxd4 7. Nb5 Na6 8.
Qxd4 Bg7 9. Be3 b6 10. Bc4 Qb7 11. O-O O-O 12. Qh4 Nc5 13. Rfe1 a6 14. Nbd4 b5
15. Bf1 Na4 16. Re2 Qd5 17. Bg5 Bb7 18. Rae1 Rfe8 19. Rxe7 Rxe7 20. Rxe7 Ne4
21. Nc2 h6 22. Nb4 hxg5 23. Nxd5 gxh4 24. Rxb7 Nxb2 25. Nc7 Rd8 26. Nxa6
1/2-1/2

[Event "24. Int. Boeblinger Open"]
[Site "Boeblingen"]
[Date "2007.12.29"]
[Round "7.3"]
[White "Rombaldoni, Axel"]
[Black "Luther, Thomas"]
[Result "0-1"]
[WhiteElo "2399"]
[BlackElo "2534"]
[PlyCount "34"]
[EventDate "2007.??.??"]

1. e4 Nf6 2. e5 Nd5 3. Nc3 e6 4. Nxd5 exd5 5. c4 d6 6. exd6 Bxd6 7. cxd5 O-O 8.
Bd3 Qg5 9. Ne2 Qxg2 10. Rg1 Qxd5 11. Qc2 g6 12. Be4 Qc5 13. Qb3 Re8 14. Bxg6
hxg6 15. Rxg6+ Kf8 16. Rg1 Qh5 17. Qc4 b5 0-1

[Event "24. Int. Boeblinger Open"]
[Site "Boeblingen"]
[Date "2007.12.29"]
[Round "7.4"]
[White "Dausch, Rene"]
[Black "Wirig, Anthony"]
[Result "1/2-1/2"]
[WhiteElo "2351"]
[BlackElo "2467"]
[PlyCount "21"]
[EventDate "2007.??.??"]

1. d4 d5 2. Nf3 Nf6 3. Bf4 c5 4. e3 Nc6 5. c3 e6 6. Nbd2 Bd6 7. Bxd6 Qxd6 8.
Bb5 O-O 9. O-O Bd7 10. Qa4 Nb8 11. Ne5 1/2-1/2

[Event "24. Int. Boeblinger Open"]
[Site "Boeblingen"]
[Date "2007.12.29"]
[Round "7.5"]
[White "Drabke, Lorenz Maximilian"]
[Black "Kabisch, Thilo"]
[Result "1-0"]
[WhiteElo "2411"]
[BlackElo "2227"]
[PlyCount "89"]
[EventDate "2007.??.??"]

1. e4 c5 2. Nf3 e6 3. g3 d5 4. exd5 exd5 5. Bg2 Qe7+ 6. Qe2 Bf5 7. Nc3 Nf6 8.
Nb5 Kd8 9. d3 a6 10. Nc3 d4 11. Nh4 Bg4 12. Qxe7+ Bxe7 13. Na4 Ra7 14. Nb6 Nbd7
15. Nc4 h6 16. Bd2 Re8 17. O-O g5 18. Nf3 Kc7 19. Rae1 Bd6 20. Rxe8 Nxe8 21.
Re1 Ng7 22. Nfe5 Bxe5 23. Nxe5 Nxe5 24. Rxe5 Ne6 25. h3 Bd1 26. f4 b6 27. f5
Nd8 28. c3 Nc6 29. Re8 Kd7 30. Rh8 Ne5 31. Rxh6 g4 32. hxg4 Bxg4 33. cxd4 cxd4
34. Be4 b5 35. Bf4 Rc7 36. Bxe5 Rc1+ 37. Kf2 Rc2+ 38. Ke1 Rc1+ 39. Kd2 Rd1+ 40.
Kc2 Rf1 41. Rxa6 Rf2+ 42. Kb3 Bd1+ 43. Ka3 b4+ 44. Kxb4 Rxb2+ 45. Kc5 1-0

[Event "24. Int. Boeblinger Open"]
[Site "Boeblingen"]
[Date "2007.12.29"]
[Round "7.6"]
[White "Naumann, Alexander"]
[Black "Werner, Claus"]
[Result "1-0"]
[WhiteElo "2548"]
[BlackElo "2239"]
[PlyCount "51"]
[EventDate "2007.??.??"]

1. d4 Nf6 2. c4 c5 3. d5 e5 4. Nc3 d6 5. e4 Nbd7 6. Bd3 Be7 7. Nge2 Nf8 8. Bc2
Ng6 9. Ba4+ Nd7 10. a3 O-O 11. b4 Nh4 12. O-O f5 13. exf5 Nxf5 14. Ne4 Nd4 15.
bxc5 Nxc5 16. Nxc5 dxc5 17. Bc2 Nxc2 18. Qxc2 Bg5 19. Bb2 Bf4 20. Rae1 b5 21.
cxb5 Qxd5 22. Nxf4 exf4 23. Re7 Rf7 24. Re8+ Rf8 25. Qc3 Qg5 26. Qc4+ 1-0

[Event "24. Int. Boeblinger Open"]
[Site "Boeblingen"]
[Date "2007.12.29"]
[Round "7.7"]
[White "Barthel, Ansgar"]
[Black "Rojas, Luis"]
[Result "0-1"]
[WhiteElo "2235"]
[BlackElo "2414"]
[PlyCount "84"]
[EventDate "2007.??.??"]

1. e4 e6 2. d4 d5 3. Nc3 Bb4 4. e5 c5 5. a3 Bxc3+ 6. bxc3 Ne7 7. h4 Qa5 8. Bd2
Nbc6 9. h5 h6 10. Nf3 Bd7 11. Rb1 Qc7 12. Bd3 c4 13. Be2 O-O-O 14. O-O f5 15.
Nh4 Rdg8 16. Bf4 g5 17. hxg6 Nxg6 18. Nxg6 Rxg6 19. Bh5 Rg7 20. Qd2 Qd8 21. g3
Be8 22. Bf3 h5 23. Kg2 h4 24. Rh1 Bh5 25. Qe2 Bg4 26. Bxg4 Rxg4 27. Kf3 Qa5 28.
Qd2 Qxa3 29. Ra1 Qf8 30. Bg5 Qg8 31. Rxh4 Rhxh4 32. gxh4 Rxh4 33. Rg1 Re4 34.
Rg3 Qh7 35. Kg2 Rg4 36. Bf6 Qg6 37. Qd1 Rxg3+ 38. fxg3 f4 39. g4 Qe4+ 40. Kh3
Qe3+ 41. Kh4 f3 42. Kg3 f2+ 0-1

[Event "24. Int. Boeblinger Open"]
[Site "Boeblingen"]
[Date "2007.12.29"]
[Round "7.8"]
[White "Nabavi, Parwis"]
[Black "Schaefer, Markus"]
[Result "0-1"]
[WhiteElo "2166"]
[BlackElo "2395"]
[PlyCount "86"]
[EventDate "2007.??.??"]

1. d4 Nf6 2. c4 g6 3. Nc3 Bg7 4. e4 d6 5. Nf3 O-O 6. Be2 Na6 7. O-O e5 8. Be3
Ng4 9. Bg5 Qe8 10. dxe5 dxe5 11. h3 h6 12. Bd2 Nf6 13. Be3 Nd7 14. a3 Ndc5 15.
b4 Ne6 16. c5 c6 17. Qd2 Kh7 18. Rad1 f5 19. exf5 gxf5 20. Qc2 e4 21. Nd4 Qg6
22. Bc4 Ng5 23. h4 Nf3+ 24. Nxf3 exf3 25. g3 Qg4 26. Ne2 fxe2 27. Bxe2 Qe4 28.
Bd3 Qe5 29. Rfe1 Qc3 30. Qb1 Nc7 31. Bd2 Qf6 32. Bf4 Nd5 33. Bd6 Nc3 34. Bxf8
Nxb1 35. Bxg7 Qxg7 36. Bxb1 Bd7 37. Rd6 Rf8 38. h5 Rf6 39. Rd4 Kh8 40. Red1 Be6
41. Rd8+ Rf8 42. R8d6 Qe5 43. R6d3 f4 0-1